| 000 | 01698nam a2200337 c 4500 | ||
|---|---|---|---|
| 003 | BLK | ||
| 005 | 20180422112827.0 | ||
| 008 | 180410b bul|||||r ||||||| ||bul|| | ||
| 010 | _aKNG00154456000 | ||
| 020 |
_a954-446-032-23 _bиздат.: Егмонт България - на том(кн. 3) |
||
| 040 | _aBLK | ||
| 041 |
_aBUL _cBUL |
||
| 080 |
_aАмериканска литература (на САЩ) _b821.111(73) _x-93-32 _z821.111(73)-93-32 |
||
| 700 | 1 |
_aХолм, Астрид _eавт. на том _9329879 |
|
| 700 | 1 |
_aМатиуа, Франк _eил. на том _994284 |
|
| 700 | 1 |
_aВелева, Александра Александрова _eпрев. от англ. _9378423 |
|
| 139 |
_aКостенурките Нинджа _bК 86 |
||
| 245 | 1 | 0 |
_aКостенурките Нинджа _bРазкази за деца : Кн. 1 - _cавт. на том Астрид Холм; ил. на том Франк Матиуа; прев. от англ. Александра Александрова Велева. _nКн. 3 _pПоследният урок |
| 257 | _aUSA | ||
| 260 |
_аСофия _c1992 - |
||
| 300 | _c13Х14 см | ||
| 380 | _aDX | ||
| 490 | 1 | _aЕгмонт мини | |
| 500 | _aБез сведение за ориг. загл. - Офс. изд. - 30 000 тир. | ||
| 760 | 1 |
_3- на том(кн. 3) _dЕгмонт България, 1993 _h32 с. : с цв. ил. _nтир. _tКн. 3 Последният урок |
|
| 852 | _aЦб І 35315 | ||
| 856 | 4 |
_qpdf _u |
|
| 856 | 4 |
_qpdf _u |
|
| 942 |
_cKNG _n0 |
||
| 944 |
_aCR _c06.12.2013 _l06.12.2013 - от С1,Р / 06.12.2013 _kДаниел_Канатов |
||
| 944 |
_aED _c05.10.2016 _l06.12.2013 - от С1,Р / 06.12.2013 _kГеновева_Генчева |
||
| 999 |
_c148234 _d148234 |
||